Instalaciones Domóticas : (Registro nro. 36980)
[ vista simple ]
| 000 -CABECERA | |
|---|---|
| Longitud fija campo de control | 00582nam a2200181 4500 |
| 003 - • IDENTIFICADOR DELl NÚMERO DE CONTROL | |
| Identificador del número de control | CO-ViMGA |
| 020 ## - • NÚMERO INTERNACIONAL NORMALIZADO PARA LIBROS | |
| Número Internacional Normalizado para Libros (ISBN) | 9788497328586 |
| 040 ## - FUENTE DE LA CATALOGACIÓN | |
| Centro catalogador de origen | CO-ViMGA |
| Lengua de catalogación | spa |
| Centro transcriptor | CO-ViMGA |
| 082 04 - • NÚMERO DE LA CLASIFICACIÓN DECIMAL DEWEY | |
| Número de clasificación (R) | 720 |
| Número del ítem | M67i |
| 100 1# - • PUNTO DE ACCESO PRINCIPAL-NOMBRE DE PERSONA | |
| Nombre de persona | Moro Vallina, Miguel |
| 245 10 - • TITULO PROPIAMENTE DICHO | |
| Título | Instalaciones Domóticas : |
| Resto del título | Instalaciones Eléctricas y Automáticas / |
| Mención de responsabilidad, etc. | Miguel Moro Vallina |
| 300 ## - • DESCRIPCIÓN FÍSICA | |
| Extensión | 190 p. |
| Otras características físicas | + CD Rom |
| 490 ## - • MENCIÓN DE SERIE | |
| Mención de serie | ciclos formativos |
| 650 14 - • PUNTO DE ACCESO ADICIONAL DE MATERIA - TÉRMINO DE MATERIA | |
| Término de materia o nombre geográfico como elemento inicial | Arquitectura |
| Subdivisión de materia general | Innovaciones tecnológicas |
| 650 14 - • PUNTO DE ACCESO ADICIONAL DE MATERIA - TÉRMINO DE MATERIA | |
| Término de materia o nombre geográfico como elemento inicial | Domótica |
| Subdivisión de materia general | Instalaciones eléctricas |
| 942 ## - ENTRADA DE ELEMENTOS AGREGADOS (KOHA) | |
| Fuente de clasificaión o esquema | Dewey Decimal Classification |
| Koha [por defecto] tipo de item | LIbro |
| Perdido | Fuente de clasificación o esquema | Estado Físico | No para préstamo | Forma de adquisición | Localización permanente | Localización actual | Fecha adquisición | Préstamos totales | Renovaciones totales | Signatura completa | Código de barras | Fecha última consulta | Fecha último préstamo | Fecha del precio de reemplazo | Tipo de item de Koha | Serie de enumeración / cronolog&íacute;a |
|---|---|---|---|---|---|---|---|---|---|---|---|---|---|---|---|---|
| Dewey Decimal Classification | Sala Especializada Tercer Piso | Biblioteca Pública Germán Arciniegas - Villavicencio | Biblioteca Pública Germán Arciniegas - Villavicencio | 02/28/2018 | 1 | 1 | 720 M67i | 031306 | 08/09/2018 | 07/21/2018 | 02/28/2018 | LIbro | ||||
| Dewey Decimal Classification | Sala Especializada Tercer Piso | Biblioteca Pública Germán Arciniegas - Villavicencio | Biblioteca Pública Germán Arciniegas - Villavicencio | 02/28/2018 | 720 M67i | 031333 | 03/15/2018 | 03/15/2018 | LIbro | CD |